| Поле | Название | Значение |
| |
Тип записи |
a |
| |
Библиографический уровень |
a |
| 001 |
Контрольный номер |
RU/CBS_UL/BASE/0c5e6efacd414bc9a09680e550e9b79c |
| 005 |
Дата корректировки |
20250716170224.8 |
| 100 |
Данные общей обработки |
__ |
| a |
Данные общей обработки |
20250716 ||| 0rusy0189 ca |
| 101 |
Язык документа |
0_ |
| a |
Язык текста |
rus |
| 102 |
Страна публикации |
__ |
| a |
Страна публикации |
RU |
| 200 |
Заглавие и сведения об ответственности |
1_ |
| a |
Заглавие |
Казнь князя Андрея Боголюбского |
| e |
Сведения, относящиеся к заглавию |
[о гибели князя Андрея Боголюбского] |
| f |
Первые сведения об ответственности |
А. Смирнов |
| 300 |
Общие примечания |
__ |
| a |
Общие примечания |
16+ |
| 320 |
Библиография |
__ |
| a |
Библиография |
Библиогр.: с. 59 |
| 461 |
Уровень набора |
_0 |
| 1 |
|
2000 |
| a |
|
Родина |
| 463 |
Уровень физической единицы |
_0 |
| 1 |
|
2000 |
| a |
|
№ 6 |
| v |
|
С. 54-59 : фот., ил. |
| 1 |
|
2101 |
| d |
|
2024 |
| 1 |
|
001RU/CBS_UL/BASE/32b62de4739c43e28e5f7b63305fd612 |
| 600 |
Персоналии |
_1 |
| a |
Персоналии (Фамилия) |
Боголюбский |
| b |
Персоналии (Имя, инициалы) |
А.Ю. |
| 600 |
Персоналии |
_1 |
| a |
Персоналии (Фамилия) |
Андрей Боголюбский |
| 606 |
Тематические рубрики |
0_ |
| a |
Основная рубрика |
Боголюбский, Андрей Юрьевич (1111-1174) |
| 610 |
Ключевые слова |
0_ |
| a |
Ключевые слова |
история русская |
| 610 |
Ключевые слова |
0_ |
| a |
Ключевые слова |
князья русские |
| 610 |
Ключевые слова |
0_ |
| a |
Ключевые слова |
жизнь и судьба князей |
| 610 |
Ключевые слова |
0_ |
| a |
Ключевые слова |
объединение земель |
| 610 |
Ключевые слова |
0_ |
| a |
Ключевые слова |
роль личности в истории |
| 686 |
Индексы других классификаций |
__ |
| 2 |
Код системы |
rubbk |
| a |
Классификационный индекс |
63.3(2)41 |
| 700 |
Автор |
_1 |
| a |
Фамилия |
Смирнов |
| b |
Имя (инициалы) |
А. |
| 801 |
Источник записи |
_0 |
| a |
Страна |
RU |
| b |
Организация |
МБУК ЦБС г. Ульяновска |
| c |
Дата составления |
20250716 |
| g |
Правила каталогизации |
RCR |
| 801 |
Источник записи |
_1 |
| a |
Страна |
RU |
| b |
Организация |
МБУК ЦБС г. Ульяновска |
| c |
Дата составления |
20250716 |
| g |
Правила каталогизации |
RCR |
| 901 |
Тип документа |
__ |
| t |
Тип документа |
b |
| w |
Контрольный № источника |
RU/CBS_UL/BASE/32b62de4739c43e28e5f7b63305fd612 |
| 909 |
Создатель записи |
__ |
| a |
Создатель записи |
lib1 |